[Event "Caorle op-A"]
[White "Lostuzzi, Manlio"]
[Black "Gutman, Lev"]
[Site "Caorle"]
[Round "5.8"]
[Result "0-1"]
[Date "1991.07.09"]
[WhiteElo "2201"]
[BlackElo "2465"]
[PlyCount "48"]
[EventDate "1991.07.05"]
[EventType "swiss"]
[EventRounds "9"]
[EventCountry "ITA"]
[SourceTitle "EXT 2023"]
[Source "ChessBase"]
[SourceDate "2022.10.05"]
[SourceVersion "1"]
[SourceVersionDate "2022.10.05"]
[SourceQuality "1"]

1. e4 g6 2. d4 Bg7 3. Nc3 c6 4. Nf3 Nf6 5. h3 0-0 6. Bd3 d5 7. 0-0 c5 8. dxc5 dxe4 9. Nxe4 Nxe4 10. Bxe4 Qc7 11. Qd5 Nc6 12. c3 Rd8 13. Qc4 Na5 14. Qb4 e5 15. c4 Be6 16. Ng5 Bxc4 17. Bd2 Bxf1 18. Qxa5 Qxa5 19. Bxa5 Ba6 20. Bxd8 Rxd8 21. g4 Bf8 22. Rc1 Rd4 23. Re1 Bxc5 24. Nf3 Bd6 0-1

[Event "Caorle op-A"]
[White "Contin, Daniel"]
[Black "Lostuzzi, Manlio"]
[Site "Caorle"]
[Round "4.11"]
[Result "0-1"]
[Date "1991.07.08"]
[WhiteElo "2315"]
[BlackElo "2201"]
[PlyCount "86"]
[EventDate "1991.07.05"]
[EventType "swiss"]
[EventRounds "9"]
[EventCountry "ITA"]
[SourceTitle "EXT 2023"]
[Source "ChessBase"]
[SourceDate "2022.10.05"]
[SourceVersion "1"]
[SourceVersionDate "2022.10.05"]
[SourceQuality "1"]

1. c4 c5 2. Nc3 Nc6 3. g3 g6 4. Bg2 Bg7 5. e3 e6 6. Nge2 Nge7 7. Nf4 a6 8. b3 Rb8 9. Bb2 0-0 10. Qc1 d6 11. 0-0 b5 12. d3 Qb6 13. Rd1 Rd8 14. Rd2 Bb7 15. Qd1 Rd7 16. Rb1 Nd8 17. Ne4 e5 18. Ne2 f5 19. N4c3 Bxg2 20. Kxg2 Qb7+ 21. e4 Bh6 22. Rc2 Ne6 23. Nd5 Rf8 24. f3 Nc6 25. Ng1 Rdf7 26. Rf2 Ne7 27. Rf1 Nxd5 28. exd5 Nd4 29. f4 Re8 30. Bxd4 cxd4 31. Nf3 exf4 32. Nxd4 fxg3 33. hxg3 Rfe7 34. Nc6 Re3 35. Rf3 Re2+ 36. Rf2 R2e3 37. Qh1 Bg5 38. Rd1 f4 39. gxf4 Qd7 40. fxg5 Qg4+ 41. Kf1 Qxd1+ 42. Kg2 Qg4+ 43. Kh2 Rh3# 0-1

[Event "Caorle op"]
[White "Cazzaniga, Walter"]
[Black "Lostuzzi, Manlio"]
[Site "Caorle"]
[Round "4"]
[Result "0-1"]
[Date "1989.??.??"]
[WhiteElo "1940"]
[BlackElo "2200"]
[PlyCount "60"]
[EventDate "1989.07.??"]
[EventType "swiss"]
[EventRounds "8"]
[EventCountry "ITA"]
[SourceTitle "EXT 2000"]
[Source "ChessBase"]
[SourceDate "1999.11.16"]
[SourceVersion "1"]
[SourceVersionDate "1999.11.16"]
[SourceQuality "1"]

1. f4 d5 2. Nf3 Nf6 3. g3 Bg4 4. Bg2 h5 5. Ne5 Nbd7 6. h3 Bf5 7. d3 e6 8. Nd2 Nxe5 9. fxe5 Nd7 10. Nf3 Be7 11. c3 c6 12. Be3 Qc7 13. Qb3 f6 14. 0-0-0 fxe5 15. g4 hxg4 16. hxg4 Rxh1 17. Rxh1 Bxg4 18. Rh8+ Nf8 19. Qa4 Bf5 20. Kd2 e4 21. Nd4 exd3 22. exd3 g6 23. c4 Bf6 24. Rh1 dxc4 25. Nxc6 Kf7 26. Nd4 Bxd4 27. Bxd4 Rd8 28. Qxa7 Qf4+ 29. Kc3 e5 30. Qxb7+ Rd7 0-1

[Event "Caorle op"]
[White "Marinkovic, Zoran"]
[Black "Lostuzzi, Manlio"]
[Site "Caorle"]
[Round "8"]
[Result "0-1"]
[Date "1989.??.??"]
[WhiteElo "2000"]
[BlackElo "2200"]
[PlyCount "46"]
[EventDate "1989.07.??"]
[EventType "swiss"]
[EventRounds "8"]
[EventCountry "ITA"]
[SourceTitle "EXT 2000"]
[Source "ChessBase"]
[SourceDate "1999.11.16"]
[SourceVersion "1"]
[SourceVersionDate "1999.11.16"]
[SourceQuality "1"]

1. e4 e5 2. Nf3 Nc6 3. Bb5 Bc5 4. 0-0 Qf6 5. c3 Nge7 6. b4 Bb6 7. a4 a6 8. Be2 h6 9. Na3 Ng6 10. Nc4 Ba7 11. d3 d6 12. b5 Nce7 13. Rb1 d5 14. Ne3 dxe4 15. dxe4 axb5 16. axb5 0-0 17. Qb3 Nf4 18. Bc4 Nxg2 19. Nf5 Nxf5 20. Kxg2 Nh4+ 21. Nxh4 Qxh4 22. Ba3 Qg4+ 23. Kh1 Qf3+ 0-1